From anger to forgiveness /

Saved in:
Bibliographic Details
Main Author: Larsen, Earnest
Other Authors: Hegarty, Carol
Format: Book
Language:English
Published: New York : Ballantine Books, 1992.
Subjects:
LEADER 00873nam a2200265 a 4500
001 c000413287
003 CARM
005 00000000000000.0
008 930222s1992 nyu 00010 eng d
019 1 |a 9846108 
020 |a 0345379829 (pbk.) 
040 |a NNPL  |c NNPL 
082 0 4 |a 158.2 
100 1 |a Larsen, Earnest. 
245 1 0 |a From anger to forgiveness /  |c Earnie Larsen ; with Carol Larsen Hegarty. 
260 |a New York :  |b Ballantine Books,  |c 1992. 
300 |a 194 p. 
500 |a A Hazelden Book. 
650 0 |a Anger  |x Popular works. 
650 0 |a Reconciliation. 
650 0 |a Forgiveness. 
700 1 |a Hegarty, Carol. 
852 8 |b CARM  |h A3:AF06A0  |i A05632  |p 0583043  |f BK 
999 f f |i e905e21f-d9d1-541a-896d-fa7fb4478a15  |s 52987e18-18a6-501b-860c-9972596aee07 
952 f f |p Can circulate  |a CAVAL  |b CAVAL  |c CAVAL  |d CARM 1 Store  |e A05632  |f A3:AF06A0  |h Other scheme  |i book  |m 0583043